000 00572cam a2200217 a 4500
001 3749926
005 20180119033131.0
008 820309s1982 caua b 001 0 eng
010 _a 82002550
020 _a0716713055
040 _aDLC
_cDLC
_dDLC
041 _aeng
080 _a510 jud
082 0 0 _a510 jud
_219
100 1 _a36
101 _amat
245 1 0 _aMathematical structures for computer science /
_cJudith L. Gersting.
504 _aIncludes bibliographies and index.
906 _a7
_bcbc
_corignew
_d1
_eocip
_f19
_gy-gencatlg
942 _2ddc
_cBK
999 _c40518
_d40518